000 00609nam a22002057a 4500
003 OSt
005 20141215140709.0
008 141215b xxu||||| |||| 00| 0 eng d
020 _a0333517210
040 _cDNLM
082 _aQW 551 G655p 1989
100 _aGordon Gill
_92214
245 _aPreventing A crisis: AIDS and family planning/
_cGill Gordon & Tony Klouda
260 _aLondon :
_bMacMillan Publishers;
_c1989.
300 _aviii, 192 p :
_bill ;
_c29 cm.
504 _aIncludes questions and Answers.
650 _aAids and family planning
_92215
700 _aKlouda Tony
_92216
942 _2z
_cSLOAN
999 _c818
_d818